| 000 | 00840nas a2200265 454500 | ||
|---|---|---|---|
| 001 | 49345 | ||
| 005 | 20260407193512.0 | ||
| 008 | 260407s1998####ag###########|||spa#d | ||
| 003 | AR-UNSa-BCEJYS | ||
| 040 |
_aAR-UNSa-BCEJYS _bspa _cAR-UNSa-BCEJYS |
||
| 080 |
_a004 _xCiencia y tecnología de los ordenadores. Informática |
||
| 245 | 1 | 0 | _aInfo Technology |
| 022 | _a0328-6398 | ||
| 264 | 1 |
_aBuenos Aires : _bEl Cronista Comercial _c1998 |
|
| 310 | _aFrecuencia: Bimestral | ||
| 041 | _aspa | ||
| 942 | _cSER | ||
| 590 | _aniveau_biblio:s niveau_hierar:1 | ||
| 100 | 1 | _aEl Cronista Comercial | |
| 700 | 1 | _aCannilla, Flavio | |
| 650 | _aTecnología de la comunicación | ||
| 650 | _aRed informática | ||
| 650 | _aTecnología | ||
| 856 | 4 | 1 |
_uhttps://www.biblioeco.unsa.edu.ar/pmb/images/revistas/R22242.jpg _yImagen de portada _qimage/jpeg |
| 999 |
_c8958 _d8958 |
||